[Event "RUS-chT 05th"]
[Site "Maikop"]
[Date "1998.06.05"]
[Round "3"]
[White "Rublevsky, Sergei"]
[Black "Svidler, Peter"]
[Result "1/2-1/2"]
[WhiteElo "2665"]
[BlackElo "2690"]
[Annotator "Mikhalevski,V"]
[PlyCount "64"]
[EventDate "1998.06.03"]
[EventType "team-tourn"]
[EventRounds "11"]
[EventCountry "RUS"]
[SourceTitle "CBM 066"]
[Source "ChessBase"]
[SourceDate "1998.09.30"]
[SourceVersion "1"]
[SourceVersionDate "1998.09.30"]
[SourceQuality "1"]
[WhiteTeam "Kazan Sberbank-Tatarstan"]
[BlackTeam "Sankt Petersburg"]
[WhiteTeamCountry "RUS"]
[BlackTeamCountry "RUS"]

1. e4 e5 2. Nf3 Nc6 3. d4 exd4 4. Nxd4 Bc5 5. Be3 Qf6 6. c3 Nge7 7. Bc4 Ne5 8.
Be2 Qg6 9. O-O d6 10. Kh1 $5 (10. Bh5 Qxe4 11. Nd2 Qd3 (11... Qh4 12. Nb5 O-O)
12. Be2 Qg6 13. Bh5 Qd3 (13... Bg4 $5 14. Bxg6 (14. Qa4+ Bd7 15. Qd1) 14...
Bxd1 15. Bxf7+ (15. Ne6 $2 Bxe3 16. Nxc7+ (16. fxe3 hxg6 17. Nxc7+ Kd7 18. Nxa8
Bg4 $17) 16... Kd7 17. Nxa8 $17) 15... Nxf7 16. Raxd1 Bxd4 (16... Nd5 $5) 17.
Bxd4 Nf5) (13... Qf6 $2 14. Nb5 $1 O-O 15. Nxc7 Rb8 16. Ne4 $16) 14. Be2 Qg6
15. Bh5 Qd3 {1/2-1/2 Kotsur,P-Benjamin,J/4th World Team Ch, Lucerne SUI 1997})
(10. f3 O-O 11. Nd2 (11. Kh1 Bb6 (11... d5 12. Nd2 dxe4 13. fxe4 Bg4 14. Bf4
Bd6 15. Bxe5 Bxe2 16. Qxe2 Bxe5 17. Nc4 Bxd4 18. cxd4 Qe6 19. Qc2 f5 20. e5
Rad8 21. Rad1 Rd7 22. Rd2 Rfd8 23. Rfd1 f4 24. b3 Qd5 25. e6 Qxe6 26. Ne5 Rd5
27. Qxc7 Nf5 28. Qxb7 Ne3 29. Rc1 Qxe5 30. dxe5 Rxd2 31. Rg1 Ng4 32. h3 Nxe5
33. Qxa7 Re2 34. Qe7 Ra8 35. a4 h6 36. Qe6+ Kh8 37. Qf5 f3 38. gxf3 Re8 39. Rc1
Re3 40. Rc8 Rxc8 41. Qxc8+ Kh7 42. Qe6 Kh8 43. f4 Re1+ 44. Kg2 Nd3 45. Qc8+ {
1-0 Rosito,J-Sorin,A/ch-ARG 1998}) 12. a4 a6 13. Qb3 Kh8 14. Nd2 Nd7 15. a5 Ba7
16. c4 Re8 17. Nc2 Bc5 18. Qc3 Qf6 19. Qxf6 gxf6 20. b4 Bxe3 21. Nxe3 c6 22.
Kg1 Ne5 23. f4 N5g6 24. Bd3 Bd7 25. g3 Rad8 26. Kf2 Nf8 27. Rfd1 Ne6 28. Nf3
Nc7 29. Bc2 Be6 30. Rab1 d5 31. exd5 cxd5 32. Ba4 Rg8 33. c5 Bf5 34. Nxf5 Nxf5
35. Rdc1 Kg7 36. c6 Rb8 37. Bc2 Nd6 38. Bd3 b6 39. Nd4 Rge8 40. Nf5+ Nxf5 41.
Bxf5 h6 42. b5 axb5 43. axb6 Rxb6 44. Ra1 b4 45. Ra7 {1/2-1/2 Lalic,B-Franic,M/
Open, Zadar CRO 1997}) 11... f5 12. exf5 Bxf5 13. Nxf5 Nxf5 14. Bxc5 dxc5 15.
Nc4 Nxc4 16. Bxc4+ Kh8 17. Qd2 Rad8 18. Qf2 Qb6 19. Rae1 Nd6 20. Re6 c6 21. Bd3
c4 22. Qxb6 axb6 23. Bc2 Rfe8 24. Rfe1 Rxe6 25. Rxe6 Kg8 26. h4 Kf7 27. Re2 g6
28. g4 b5 29. Kf2 Ne8 30. f4 Nf6 31. Kf3 Nd5 32. f5 b4 33. cxb4 Nxb4 34. Be4
Nd5 35. g5 gxf5 36. Bxf5 Kg7 37. Rc2 {1-0 Voitsekhovsky,S-Kazantsev,V/Zepter
Open, Minsk BLR 1998}) (10. f4 Qxe4 11. Bf2 Bxd4 12. cxd4 N5g6 13. Nc3 Qxf4 14.
Nb5 O-O 15. Nxc7 Rb8 16. Nb5 Bd7 17. Nxa7 Qg5 18. a4 Nf5 19. Kh1 Rfe8 20. Bf3
Ngh4 21. Ra3 Nxf3 22. Rxf3 Ra8 23. d5 Re7 24. Qb3 Rae8 25. Qxb7 Be6 26. Qb4
Bxd5 27. Qf4 Qxf4 28. Rxf4 Re5 29. Nb5 g5 30. Rb4 Re2 31. Kg1 Bc6 32. Nc3 Rc2
33. Rb6 Ba8 34. Rb5 Nh4 {Helbich,J-Acs,P/XVII Mitropa Cup, Montecatini Terme
ITA 1997/1/2-1/2 (47)}) (10. Nd2 Bh3 $1 11. Bf3 $8) 10... Qxe4 (10... Ng4 11.
Bxg4 Bxg4 12. f3 Bd7 13. Nd2 O-O 14. Qb3 Rab8 15. Rae1 Kh8 16. a4 a6 17. Qa2 b5
18. a5 b4 19. c4 f5 20. exf5 Nxf5 21. Nxf5 Rxf5 22. Bxc5 Rxc5 23. Re7 Be6 24.
Re1 b3 25. Qa4 Bg8 26. Qd7 h6 27. h3 Bxc4 28. Nxc4 Rxc4 29. R7e6 Qg5 30. Qf7
Rc1 31. f4 Rxe1+ 32. Rxe1 Qf6 33. Qxc7 Rg8 34. Qc1 Rf8 35. Rf1 {Timmerman,
G-Hector,J/Antwerpen op 1994/1/2-1/2 (59)}) (10... O-O 11. f3 (11. Nd2 Ng4 12.
Bf4 Nf6 (12... Qf6 13. Bg3 Bxd4 14. Bxg4 $14 (14. cxd4 Qxd4 15. Rc1 Nf6 (15...
Nc6 16. Rc4 $1 Qxb2 17. Rc2 $18) 16. Rxc7 Nc6 $1 $13 {/\ 17...Ne8})) 13. Bd3 (
13. f3 $5 Nh5 14. Be3 f5 $13) 13... Qg4 $1 14. Qxg4 Nxg4 15. b4 Bxd4 $6 (15...
Bb6 $132) 16. cxd4 Nc6 17. Rac1 $2 (17. d5 Nxb4 18. Be2 Re8 19. Rfc1 Re7 20.
Rab1 a5 21. a3 Na6 22. Bxg4 Bxg4 23. Rxb7 Kf8 24. Be3 $14 {>< Na6}) 17... Nxd4
$1 18. h3 (18. Rxc7 Ne6 19. Bxd6 Rd8 $19) 18... Ne5 (18... Nf6 19. Be3 Ne6 20.
f4 $44) 19. Bxe5 dxe5 20. Rxc7 Ne6 (20... Rd8 21. Rfc1 (21. Bc4 Ne6 22. Bxe6
Bxe6 23. Nf3 f6 24. Rxb7 Bxa2 25. Ra1 Be6 26. Raxa7 Rxa7 27. Rxa7 Rb8 $10)
21... Ne6 22. R7c3 Nf4 23. Bf1 Be6 24. Nf3 f6 $10) 21. Rc3 Nf4 22. Bc4 Be6 23.
g3 $5 Bxh3 $6 (23... Bxc4 24. Nxc4 Nxh3 $1 25. Nxe5 $8 (25. f4 exf4 26. gxf4
Rac8 27. a4 Rfd8 28. Rff3 Nxf4 $1 (28... Rd4 29. Na5 Rxc3 30. Rxc3 g6 31. Rxh3
Rxb4 $16) 29. Rxf4 Rd4 $19) 25... Ng5 26. f3 Ne6 $10) 24. Rg1 $1 (24. gxf4 $2
Bxf1 25. Bxf1 (25. Nxf1 Rac8 $1 $15) 25... Rac8 $1 $15) 24... Ne6 25. g4 Nf4
26. Kh2 (26. Nf3 b5 $1 $8 27. Bxb5 f6 28. Bc4+ Kh8 29. Kh2 h5 30. gxh5 Rac8 $13
) 26... Rac8 27. Rxh3 Rfd8 28. Bd5 Rc2 29. Rd1 Nxh3 (29... Nxd5 30. Rd3 $18)
30. Kxh3 $14 Kf8 31. Kg2 f6 32. Nf1 $1 Rxa2 $2 33. Rc1 Rb2 34. Rc7 Rxb4 35. Ne3
$1 $18 Rb6 36. Nf5 g6 37. Rf7+ {1-0 Svidler,P-Arkhipov,S/RUS-ch 1994}) (11. f4
Qxe4 (11... Ng4 12. Bg1 f5 13. exf5 Nxf5 14. Bxg4 Ng3+ 15. hxg3 Bxg4 16. Qb3+
Kh8 17. Nf3 Bxf3 18. Rxf3 Qh5+ 19. Bh2 Rf6 20. Nd2 {0-1 Grosar,K-Basagic,V/
Bled opW 1993}) 12. Nd2 Qxe3 13. Nc2 Ng4 14. Nxe3 Nxe3 15. Qa4 Nxf1 16. Rxf1
Nd5 17. Bf3 Ne3 18. Re1 Bf5 19. b4 Bb6 20. Bxb7 Rae8 21. Bc6 Re6 22. h3 d5 23.
Bd7 Bc2 24. Qa3 Rg6 25. g4 Bd3 26. Kh2 Nc2 27. Qc1 Rd8 28. Bf5 Nxe1 29. Bxg6
Re8 30. Bxd3 Nxd3 31. Qf1 Re3 32. c4 c6 33. b5 Bc7 34. bxc6 Nxf4 35. cxd5 Re2+
{Berg,E-Acs,P/EU-chJM U16 1996/1-0 (65)}) 11... Kh8 12. Nd2 d5 13. Bf4 f6 14.
h3 Bb6 15. Bh2 dxe4 16. fxe4 Qe8 17. Nc4 Nxc4 18. Bxc4 Nc6 19. Nxc6 Qxc6 20.
Qd5 Qxd5 21. exd5 Bd7 22. a4 a5 23. Bb5 Rad8 24. Bxd7 Rxd7 25. c4 Bc5 26. Rfe1
Kg8 27. Bg1 Bxg1 28. Kxg1 Kf7 29. Ra3 Re8 30. Rae3 Rxe3 31. Rxe3 Re7 32. Kf2 b6
33. Rd3 Re4 34. b3 Ke7 35. Kf3 Re1 36. Kf2 Re4 37. Kf3 Re1 38. Kf2 Re5 39. Rg3
g6 40. Rf3 Re4 {1/2-1/2 Richter,O-Souleidis,G/BL2-W 1994}) (10... c6 11. Nd2
O-O 12. h3 f5 13. f4 Nf7 14. Bh5 Qh6 15. Qe2 fxe4 16. f5 Qf6 17. Nxe4 Qe5 18.
Bf4 Qd5 19. f6 Ng6 20. fxg7 Kxg7 21. Bh2 Bxd4 22. Rad1 Qe6 23. Rxd4 d5 24. Ng3
Qxe2 25. Bxe2 Nh6 26. Nh5+ Kg8 27. Rxf8+ Kxf8 28. g4 Be6 29. Kg1 Ke7 30. b4 Rf8
31. Bg3 Nf7 32. Nf4 Nxf4 33. Rxf4 Ng5 34. Rxf8 Kxf8 35. Kg2 Ne4 36. Be5 Kf7 37.
h4 Kg6 38. Kf3 b6 39. Bd3 c5 40. bxc5 bxc5 41. c4 Kf7 42. cxd5 Bxd5 43. Bxe4
Bxa2 44. Bxh7 {1-0 Mencinger,V-Roskar,R/Bled op 1992}) 11. Nd2 Qg6 12. Nb5 {
Second try.J.Lautier didn't get anything special against Van der Sterren in
1994.} (12. Bh5 Qd3 13. Be2 $11 (13. Qa4+ $2 Bd7 14. Qb3 Bxd4 $1 15. cxd4 Qxb3
16. axb3 N5g6 $17 {Makropoulou,M-Mastrovasilis,A/Komotini GP 1993/0-1 (69)}))
12... O-O (12... Bxe3 13. Nxc7+ Kd8 14. Nxa8 $16) 13. Nxc7 Rb8 14. Nc4 $5 $146
(14. Bf4 Bf5 $1 15. Nb3 (15. Bh5 Qf6 16. Nf3 Be4 $1 $15) 15... Bb6 16. Nb5 Rbd8
17. Qd2 N7c6 18. Be3 Bxe3 19. Qxe3 Rfe8 20. Qd2 (20. Nxa7 $2 Nd7 $1 $19) 20...
d5 21. Rae1 Nc4 22. Qc1 Be4 $1 23. f3 Bf5 {xe3} 24. Bxc4 dxc4 25. N3d4 Nxd4 26.
Nxd4 Bd3 $10 27. Rxe8+ (27. Rg1 h6) 27... Rxe8 28. Re1 Rxe1+ 29. Qxe1 h6 30.
Qe8+ Kh7 31. Qb5 Qf6 32. Qxb7 Qg5 $1 33. h3 $8 Qc1+ {1/2-1/2 Lautier,J-Van der
Sterren,P/Donner mem-A 1994}) 14... Nxc4 (14... Bh3 $142 $1 15. Rg1 (15. gxh3
$6 Nxc4 16. Bxc4 Qe4+) 15... Nxc4 16. Bxc5 (16. Bxc4 Bxe3 17. fxe3 Bf5 {
and Black get the game position with white rook on g1 instead of f1 that
should be in Black's favour.}) (16. gxh3 $2 Nxb2 $1 17. Qb1 $8 Qxb1 18. Raxb1
Bxe3 19. fxe3 Na4 $17) 16... dxc5 17. Bxc4 Bg4 $5 $11 (17... Qb6 $13)) 15. Bxc4
Bxe3 ({Now} 15... Bh3 {is senseless because of} 16. Qf3 (16. Rg1 Bxe3 17. fxe3
Bf5)) 16. fxe3 Bf5 (16... Bg4 $143 17. Qd2 (17. Qa4) 17... Rbc8 18. Bd3 $1 {
[%csl Ra7,Rd6][%cal Gc7b5]}) 17. Nd5 Rbe8 (17... Nxd5 $5 18. Bxd5 Be6) 18. Nf4
Qh6 {[%cal Gf5e4,Ge7c6,Gc6e5]} 19. Qf3 (19. Qa4 Nc6 20. Rae1 {[%cal Gc4d5]} Ne5
{[%cal Ge5g4]} 21. Be2 a6 22. Qb4 Bg4 $1 $132) 19... Nc6 20. Bd5 Ne5 21. Qg3
Bc8 {[%cal Ge5g4]} (21... Re7 $5) 22. Rad1 {[%csl Rd6]} Kh8 $1 {[%csl Re3]
[%cal Gf7f5,Ge5g4]} 23. Bb3 $6 (23. e4 $5) 23... Ng4 24. Nd5 (24. Rde1 Nf6 {
[%cal Gf6e4]}) 24... Be6 $1 {A try to play for a win.Both captures on e3 were
enough for a draw.} (24... Nxe3 25. Nxe3 Rxe3 26. Qf2 $5 (26. Qxd6 Qxd6 27.
Rxd6 f6 28. Kg1 $11)) (24... Rxe3 25. Nxe3 Nxe3 26. Rfe1 Nxd1 27. Rxd1 Kg8 $1
28. Qxd6 Qxd6 29. Rxd6 Re8 30. Kg1 Kf8 31. Ba4 Re1+ 32. Kf2 Ke7 $11) 25. Nc7 $1
{The simplest and probably the only way to equalize.} (25. Rd3 $2 Bxd5 26. Qxg4
(26. Bxd5 Rxe3 $1) 26... Bxb3 27. axb3 Rxe3) (25. Rf3 $2 Bxd5 26. Rxd5 Nxe3)
25... Nxe3 (25... Bxb3 26. axb3 (26. Rxd6 Rxe3 27. Rxh6 Rxg3 28. hxg3 (28. axb3
$2 Rxg2 $1) 28... Nxh6 29. axb3 Rd8 $15 {[%csl Rg2,Rg3]}) 26... Nxe3 27. Nxe8
Nxf1 (27... Rxe8 $4 28. Rfe1) 28. Qxg7+ (28. Qxd6 Rxe8 (28... Qxh2+ 29. Qxh2
Nxh2 30. Kxh2 Rxe8 31. Rd7) 29. Qxh6 gxh6 30. Rxf1 Re2 $11) 28... Qxg7 29. Nxg7
Kxg7 (29... Ne3 30. Rd3 Ng4 31. Rd4) 30. Rxf1 Re8 31. Kg1 $11) 26. Nxe8 Rxe8 $1
(26... Nxf1 27. Qxg7+ (27. Rxf1 Rxe8 28. Qxd6 Bxb3 29. Qxh6 gxh6 30. axb3 Re2
$11) 27... Qxg7 28. Nxg7 Bxb3 (28... Ne3 $2 29. Nxe6 fxe6 30. Re1 $14) 29. axb3
Kxg7 (29... Ne3 30. Rd3 Ng4 31. Rd4) 30. Rxf1 Re8 31. Kg1 $11) 27. Qxd6 Qg6 $1
28. Qg3 (28. Rg1 Bxb3 29. Qxg6 (29. axb3 Nxd1 30. Qxd1 (30. Qxg6 $4 Nf2#) 30...
Qe6 $15) 29... hxg6 30. axb3 Nxd1 31. Rxd1 Re2 32. h3 $1 a5 $1 33. Rd7 Rxb2 34.
Rxb7 a4 35. Rxf7 $11) 28... Nxf1 (28... Qxg3 $142 29. hxg3 Bxb3 30. axb3 Nxf1
31. Rxf1 Re7 $11) 29. Qxg6 hxg6 30. Bxe6 Rxe6 31. Rxf1 Re2 32. Kg1 $1 Rxb2 $11
(32... Kg8 33. Rf2 Re1+ 34. Rf1 Re2 $11) 1/2-1/2

[Event "MK Cafe Cup-A"]
[Site "Koszalin"]
[Date "1999.08.04"]
[Round "2"]
[White "Nataf, Igor Alexandre"]
[Black "Kharitonov, Andrei Y"]
[Result "1-0"]
[WhiteElo "2504"]
[BlackElo "2559"]
[Annotator "Mikhalevski,V"]
[PlyCount "31"]
[EventDate "1999.08.03"]
[EventType "swiss"]
[EventRounds "9"]
[EventCountry "POL"]
[SourceTitle "CBM 073"]
[Source "ChessBase"]
[SourceDate "1999.12.01"]
[SourceVersion "1"]
[SourceVersionDate "1999.12.01"]
[SourceQuality "1"]

1. e4 e5 2. Nf3 Nc6 3. d4 exd4 4. Nxd4 Bc5 5. Nxc6 Qf6 6. Qd2 dxc6 7. Nc3 Qe7
$5 {This Morozevich's novelty goes through the difficult period.Neveretheless
I think Black didn't say his last word yet.For example 11...B:f2!? is
interesting in Van der Wiel,J-Korneev,O/Elgoibar ESP 1998 or 11...h6! Mellado
Trivino,J-Korneev,O/Elgoibar ESP 1998} (7... Ne7 {is the main line}) 8. Qg5 $1
{Mellado Trivino} Nf6 (8... Bd4 $5 {Interesting novelty of Korneev which
deserves serious attention.} 9. Qxe7+ Nxe7 10. Bf4 f5 $5 11. O-O-O Bxc3 $6 (
11... Bxf2 $142) 12. Bxc7 Bd7 13. bxc3 fxe4 14. Re1 O-O 15. Bd6 Rf7 16. Rxe4
Nd5 17. c4 {1/2-1/2 Van der Wiel,J-Korneev,O/Elgoibar ESP 1998 (17)
[Mikhalevski,V] CBM69.}) 9. Be3 $1 Bb4 $2 $146 {[%mdl 16384] As I had already
mentioned in my comments of Mellado Trivino,J-Korneev,O/Elgoibar ESP 1998
(CBM69) game this move leads to the clear adge for White.} ({Better is} 9...
Bd6 10. Bd4 Rg8 11. O-O-O h6 $1 (11... Be6 12. e5 Nd5 13. Ne4 $1 {That's why
Black should prefer 11... h6!} Qxg5+ 14. Nxg5 Be7 15. Nxe6 fxe6 16. c4 $14 {
1/2-1/2 Mellado Trivino,J-Korneev,O/Elgoibar ESP 1998 (51)[Mikhalevski,V] CBM69
}) 12. Qh4 Be6) (9... Bxe3 {is also playable,but leads to a slightly better
position for White thanks to the better pawn structure.} 10. Qxe3 Be6 11. h3
Nd7 12. Be2 f6 13. O-O-O O-O 14. Kb1 Rfe8 15. Bh5 Red8 16. Ne2 Kh8 17. Bg4 Ne5
18. Bxe6 Qxe6 19. b3 a5 20. Rxd8+ Rxd8 21. Qa7 Nf7 22. Nc3 Qe5 23. Qe3 Re8 24.
Rd1 Nd6 25. f4 {1/2-1/2 Leko,P-Svidler,P/Linares ESP 1999 (25)/CBM70 
[Mikhalevski,V]}) 10. e5 Ne4 $2 {[%mdl 8192] leads to the immediate disaster.}
(10... Ng4 {was necessary and Black is still in the game.} 11. Qxg7 Bxc3+ (
11... Qxe5) 12. bxc3 Qxe5 13. Qxe5+ Nxe5 14. Bd4 f6 15. f4 $14) (10... Nd5 11.
Qxg7 Rf8 12. Bd2 $16) 11. Qxg7 Rf8 12. a3 $1 $18 {All this can be found in my
comments of Mellado Trivino,J-Korneev,O/Elgoibar ESP 1998(CBM69)} Bxc3+ {
Finally Kharitonov makes a move which wasn't mentioned in CBM69,but can't hold
on more than three moves.} ({I suggested only} 12... Ba5 13. Bd3 $1 Nxc3 14.
Bd2 $1 Qc5 $140 15. b4 $1 Bxb4 16. axb4 Qxb4 17. e6 $1 f6 18. O-O $1 $18) ({and
} 12... Nxc3 13. axb4 Qxb4 14. Bh6 $1 Qe4+ 15. Kd2 Qd4+ 16. Bd3 Ne4+ 17. Kc1
$18) 13. bxc3 Bf5 (13... Nc5 {[%cal Gc5e6] doesn't save} 14. Bg5 $1 Qe6 15. Bh6
Nd7 16. Rd1 $1 $18) 14. Bd3 $1 {[%cal Ge3h6,Gf2f3]} Bg6 (14... O-O-O 15. Bxe4
Bxe4 16. Qg4+ {[%cal Rg4c8,Rg4e4]}) (14... Qh4 15. g3 $1 Qh5 (15... Qh3 16. f3
Qg2 17. Rf1 Nxc3 18. Bc5 $1 O-O-O 19. Bxf5+ Kb8 20. Bf2 $18) 16. g4 $1 Qg6 17.
Bh6 $1 Qxg7 (17... Rg8 18. gxf5) 18. Bxg7 Rg8 19. gxf5 Rxg7 20. Bxe4 $18) 15.
Bxe4 $1 (15. Bh6 {would bring unnecessary complications:} O-O-O (15... Nxc3 16.
Qxf8+) 16. Bxe4 Rg8 17. Bxg6 Rxg7 18. Bf5+ Kb8 19. Bxg7 Re8 $1 (19... Qg5 20.
Bf6 Qxf5 21. Bxd8 Qxe5+ 22. Kf1 Kc8)) 15... Bxe4 16. Bh6 {Black resigned as he
loses an exchange.} (16. Bh6 O-O-O 17. Qg4+ {[%cal Rg4c8,Rg4e4]} Qe6 18. Qxe6+
fxe6 19. Bxf8 $18) 1-0